Collaboration for Innovation in Small SEE Countries
Analýza vplyvu spolupráce s rôznymi typmi inovačných partnerov na produktovú inováciu výrobných spoločností v malých krajinách strednej a východnej Európy.
Guardado en:
| Autor principal: | |
|---|---|
| Otros Autores: | , |
| Formato: | Capítulo de libro |
| Lenguaje: | inglés |
| Materias: | |
| Etiquetas: |
Sin Etiquetas, Sea el primero en etiquetar este registro!
|
MARC
| LEADER | 00000naa a2200000 4500 | ||
|---|---|---|---|
| 001 | 0252871 | ||
| 005 | 20220719115432.0 | ||
| 041 | 0 | |a eng | |
| 044 | |a CZ | ||
| 245 | 1 | 0 | |a Collaboration for Innovation in Small SEE Countries |c Viktor Prokop, Jan Stejskal, Oto Hudec |
| 520 | |a Analýza vplyvu spolupráce s rôznymi typmi inovačných partnerov na produktovú inováciu výrobných spoločností v malých krajinách strednej a východnej Európy. | ||
| 610 | 2 | 0 | |a stredná Európa |
| 610 | 2 | 0 | |a východná Európa |
| 610 | 2 | 0 | |a spolupráca podnikov |
| 610 | 2 | 0 | |a stratégia inovačná |
| 610 | 2 | 0 | |a podnik priemyselný |
| 610 | 2 | 0 | |a analýza regresná |
| 100 | 1 | |a Prokop, Viktor | |
| 700 | 1 | |a Stejskal, Jan | |
| 700 | 1 | |a Hudec, Oto | |